Motívy a dôsledky zahraničných investícií LEONI AG v Slovenskej republike

Analýza príčin nízkeho vstupu prílevu zahraničného kapitálu na Slovensko. Medzi zahraničných investorov, ktorí sa úspešne etablovali na slovenskom trhu je nemecká nadnárodná spoločnosť LEONI AG. Skúmanie spôsobov a postupov, ktoré firma aplikuje pri svojom vstupe na zahraničný trh a čím sa líšia od...

Descrizione completa

Salvato in:
Dettagli Bibliografici
Autore principale: Füzyová, Ľubica
Natura: Capitolo di libro
Lingua:slovacco
Soggetti:
Tags: Aggiungi Tag
Nessun Tag, puoi essere il primo ad aggiungerne!!

MARC

LEADER 00000naa$a2200000$$$4500
001 0017438
005 20240502071403.8
041 0 |a slo 
044 |a SK 
245 1 0 |a Motívy a dôsledky zahraničných investícií LEONI AG v Slovenskej republike  |c Ľuba Füzyová 
520 |a Analýza príčin nízkeho vstupu prílevu zahraničného kapitálu na Slovensko. Medzi zahraničných investorov, ktorí sa úspešne etablovali na slovenskom trhu je nemecká nadnárodná spoločnosť LEONI AG. Skúmanie spôsobov a postupov, ktoré firma aplikuje pri svojom vstupe na zahraničný trh a čím sa líšia od všeobecne uvádzaných dôvodov pre vstup zahraničných investorov na Slovensko. Výsledky prieskumu. 
610 2 0 |a investície priame zahraničné 
610 2 0 |a kapitál zahraničný 
610 2 0 |a Slovensko 
610 2 0 |a analýzy 
610 2 0 |a bariéry investičné 
610 2 0 |a investori 
610 2 0 |a LEONI AG 
100 1 |a Füzyová, Ľubica